000
00286nam a22001337a 4500
008
171016b xxu||||| |||| 00| 0 eng d
020
_a
9781256721437
041
_a
eng
080
_a
33
100
_a
52
101
_a
ECO
245
_a
ECONOMICS TODAY
_c
MILLER.R.L
942
_2
udc
_c
BK
999
_c
33994
_d
33994